000 01269nam a2200337 a 4500
001 000109139
003 CHAP
005 20220329144039.0
008 140407s2013 mx a sm |||||||spa d
010 _a105601
011 _a106573
040 _cCHAP
090 _aTesis
100 1 _aEscalante Aguirre, Flor Selene
_9126282
245 1 0 _aVariación en los parámetros de germinación de la semilla de árboles seleccionados de Eucalyptus grandis /
_h[En línea]
_cFlor Selene Escalante Aguirre.
260 _aChapingo, Méx. :
_bEl autor.,
_c2013.
500 _aPara ver el contenido del material haga clic en la liga
502 _aTesis (Ing. Agr. Esp. en Forestal) -- UACH. División de Ciencias Forestales
590 _aBATCH-UPD
_b10
_c20141002
_lUCH01
_h0859
590 _aE11695DGD
_b10
_c20140409
_lUCH01
_h1049
590 _aE11695DGD
_b10
_c20141103
_lUCH01
_h0841
590 _aE5652GLJ
_b05
_c20140407
_lUCH01
_h0917
590 _aE5652GLJ
_b05
_c20140407
_lUCH01
_h0917
650 1 4 _aEucalipto
_xGerminación.
_938815
650 1 4 _aLuz
_xEfecto en semillas.
_969243
650 1 4 _aSemillas forestales
_xGerminación.
_9103940
856 _aFinding aid
_uhttp://10.13.5.2/tesis/sist109139.pdf
_zTeclea aquí
901 _aBK
942 _cTESIS
942 _n0
999 _c105601
_d105601